La vida sexual de Catherine M

Na minha lista:
Detalhes bibliográficos
Autor principal: Millet, Catherine (autora)
Formato: Livro
Idioma:espanhol
Publicado em: Barcelona Anagrama 2002
Edição:8a. ed
coleção:Panorama de Narrativas, 492
Assuntos:
Tags: Adicionar Tag
Sem tags, seja o primeiro a adicionar uma tag!

MARC

LEADER 00000nam a2200000 a 4500
001 UCL0734
003 CL-VaPUC
008 030808e20020000SP |||||||||||||||||spa|d
020 |a 8433969528 
082 0 4 |a 843  |b MIL  |2 21 
100 |a Millet, Catherine  |e autora  |9 602742 
245 1 3 |a La vida sexual de Catherine M 
250 |a 8a. ed 
300 |a 254 p 
942 |c BK 
945 |d 20030808 00:00:00  |a cmena 
260 |a Barcelona  |b Anagrama  |c 2002 
650 0 |a Novela francesa  |9 264985 
650 0 |a Literatura francesa  |9 266330 
650 7 |a EROTISMO  |2 CL-VaPUC  |9 313188 
583 |a last modification  |c 20030808 00:00:00  |k Rodrigo Vera 
490 0 |a Panorama de Narrativas, 492 
999 |c 304531  |d 304529